A History of Santiniketan: (Record no. 214736)

MARC details
000 -LEADER
fixed length control field 00615nam a22001937a 4500
005 - DATE AND TIME OF LATEST TRANSACTION
control field 20260209104130.0
010 ## - LCCN (DPL NO)
LC control number ENG-147748
020 ## - INTERNATIONAL STANDARD BOOK NUMBER
International Standard Book Number 9788199024311
Terms of availability 695.00
035 ## - SYSTEM CONTROL NUMBER
System control number EN-131280
037 ## - SOURCE OF ACQUISITION
Source of stock number/acquisition DBAD
082 ## - DEWEY DECIMAL CLASSIFICATION NUMBER
Classification number 921
Edition number 1
100 ## - MAIN ENTRY--PERSONAL NAME
Personal name Gupta, Uma Das
245 ## - TITLE STATEMENT
Title A History of Santiniketan:
Remainder of title Rabindranath Tagore and His Life's Work 1861 - 1941/
Statement of responsibility, etc Uma Das Gupta
250 ## - EDITION STATEMENT
Edition statement 1
260 ## - PUBLICATION, DISTRIBUTION, ETC. (IMPRINT)
Place of publication, distribution, etc New Delhi
Name of publisher, distributor, etc Niyogi Books
Date of publication, distribution, etc 2025
270 ## - ADDRESS
Address Block D, Building No. 77, Okhla Industrial Area, Phase-I
City New Delhi
Postal code 110020
300 ## - PHYSICAL DESCRIPTION
Extent 220p.
Dimensions 23cm(hb)
942 ## - ADDED ENTRY ELEMENTS (KOHA)
Source of classification or shelving scheme Dewey Decimal Classification
Item type English Books
Classification part 921
Call number suffix GUP
Holdings
Withdrawn status Lost status Not for loan Collection code Home library Current library Date acquired Source of acquisition Cost, normal purchase price Full call number Barcode Copy number Cost, replacement price Koha item type
      Non-fiction Janak Puri Janak Puri 09/02/2026 Delivery of Books Act Division 695.00 921 GUP EN-131280 1 695.00 English Books

© Delhi Public Library
Hit Counter
free hit counter